La mente narrativa : (Registro nro. 1367)

Detalles MARC
000 -CABECERA
campo de control de longitud fija 01104nam a2200265Ia 4500
003 - IDENTIFICADOR DEL NÚMERO DE CONTROL
campo de control AR-RoIUNI
005 - FECHA Y HORA DE LA ÚLTIMA TRANSACCIÓN
campo de control 20210303112439.0
008 - DATOS DE LONGITUD FIJA--INFORMACIÓN GENERAL
campo de control de longitud fija 150616s2009 it r 000 0 ita d
020 ## - NÚMERO INTERNACIONAL ESTÁNDAR DEL LIBRO
Número Internacional Estándar del Libro 9788856813302
040 ## - FUENTE DE LA CATALOGACIÓN
Centro/agencia transcriptor AR-RoIUNI
080 ## - NÚMERO DE LA CLASIFICACIÓN DECIMAL UNIVERSAL
Número de la Clasificación Decimal Universal 159.91
100 1# - ENTRADA PRINCIPAL--NOMBRE DE PERSONA
Nombre de persona Balbi, Juan.
245 13 - MENCIÓN DE TÍTULO
Título La mente narrativa :
Resto del título verso una concezione post-razionalista dell'identitá personale /
Mención de responsabilidad, etc. Juan Balbi ; edizione italiana a cura di Paola Cimbolli ; presentazione di M. Reda.
260 ## - PUBLICACIÓN, DISTRIBUCIÓN, ETC. (PIE DE IMPRENTA)
Lugar de publicación, distribución, etc. Milan :
Nombre del editor, distribuidor, etc. Franco Angeli,
Fecha de publicación, distribución, etc. 2009.
300 ## - DESCRIPCIÓN FÍSICA
Extensión 286 p. ;
Dimensiones 23 cm.
490 0# - MENCIÓN DE SERIE
Mención de serie Psicoterapie
500 ## - NOTA GENERAL
Nota general Versión en italiano.
505 2# - NOTA DE CONTENIDO CON FORMATO
Nota de contenido con formato 1. La mente come processo -- 2. La mente inaccessibile -- 3. La mente termodinámica -- 4. La mente affettiva -- 5. La mente sociale -- 6. La mente cibernetica -- 7. La mente computazionale -- 8. La mente connessionista -- 9. La mente intersoggettiva -- 10. La mente auto-organizzata -- 11. La mente narrativa.
650 #4 - PUNTO DE ACCESO ADICIONAL DE MATERIA--TÉRMINO DE MATERIA
Término de materia o nombre geográfico como elemento inicial PSICOLOGÍA
9 (RLIN) 108
650 #4 - PUNTO DE ACCESO ADICIONAL DE MATERIA--TÉRMINO DE MATERIA
Término de materia o nombre geográfico como elemento inicial IDENTIDAD
650 #4 - PUNTO DE ACCESO ADICIONAL DE MATERIA--TÉRMINO DE MATERIA
Término de materia o nombre geográfico como elemento inicial PSICOLOGÍA COGNITIVA
700 1# - PUNTO DE ACCESO ADICIONAL--NOMBRE DE PERSONA
Nombre de persona Cimbolli, Paola.
700 1# - PUNTO DE ACCESO ADICIONAL--NOMBRE DE PERSONA
Nombre de persona Reda, M.
942 ## - ELEMENTOS DE PUNTO DE ACCESO ADICIONAL (KOHA)
Tipo de ítem Koha Libros
Fuente del sistema de clasificación o colocación Clasificación Decimal Universal
Existencias
Estado de retiro Estado de pérdida Fuente del sistema de clasificación o colocación Estado dañado Excepción de préstamo Código de colección Localización permanente Ubicación/localización actual Ubicación en estantería Fecha de adquisición Número de inventario Total de préstamos Signatura topográfica completa Código de barras Fecha visto por última vez Número de copia Precio válido a partir de Tipo de ítem Koha
    Clasificación Decimal Universal     Psicología BIBLIOTECA RIOBAMBA BIBLIOTECA RIOBAMBA BIBLIOTECA RIOBAMBA 16/06/2015 1368   159.91 BAL 1368 16/06/2015 1 16/06/2015 Libros